000 00380nam a2200133Ia 4500
008 151001s9999||||xx |||||||||||||| ||und||
100 _aकुमुदिनी रांगणेकर
245 _aभाववेडी
250 _a1
260 _bराजेंद्र प्रकाशन ठाणे
260 _c1981
300 _a196
365 _b18
999 _c969131
_d969128